Missing Word: Eternal Sunshine... Quiz Stats

 Plays Quiz Updated Jun 5, 2013

Support Sporcle.
Go Orange.
Score 0/24 Timer 04:00
0 Plays Today
% Correct
Detective
95.2%
Show
93.2%
Going
91.3%
Moon
90.2%
Love
90.1%
Myself
87.2%
Towers
86.8%
Island
83.7%
Bring
82.6%
Kids
80.7%
Finding
77.9%
Monty
75.9%
% Correct
Gorgeous
70.9%
Road
66.1%
Antoinette
61.3%
Deep
60.2%
Virgin
57.4%
Michael
51.8%
Life
44.5%
Creatures
28.6%
Heaven
27.3%
Storm
22.5%
Illuminated
14.5%
Bedroom
8.7%

Today's Daily Dose

Word Ladder
ING Words

Get the Picture
Nearest Volcano

From the Vault

Largest Cities with Same First Letter as State

by jonesjeffum

Their monogrammed towels will certainly look nice.
Remove Ads.
Support Sporcle.
Get the best of Sporcle when you Go Orange. This ad-free experience offers more features, more stats, and more fun while also helping to support Sporcle. Thank you for becoming a member.

Show Comments

Extras

Top Quizzes Today


Score Distribution

Your Account Isn't Verified!

In order to create a playlist on Sporcle, you need to verify the email address you used during registration. Go to your Sporcle Settings to finish the process.

Report this User

Report this user for behavior that violates our Community Guidelines.

Details: